tous les albums de Tyler, the Creator - Statistiques

Statistiques générales
  • Ce quiz a été pris 124 fois
  • Le résultat moyen est 8 sur 10
Statistiques - réponses
année Album % Correct
2019 Igor
98%
2024 Chromakopia
96%
2025 Don't tap the Glass
93%
2017 Flower Boy
93%
2013 Wolf
88%
2021 Call me if you get Lost
87%
2011 Goblin
85%
2015 Cherry Bomb
82%
2009 bastard
63%
2023 call me if you get lost : the estate sale
43%
Aucun quiz correspondant
Distribution des résultats
% des personnes avec chaque résultat
Percentile par nombre de réponses
Votre historique - résultats
Vous n’avez pas pris ce quiz